00623nam a22001937a 4500008004100000020001500041040001800056041000800074100001800082245006400100260004500164300003700209490002800246504005300274650003000327650003900357650001600396650001700412130821s2003 enka gr eng  a026220147X aCo-BoUCMbspa00aeng1 aTye, Michael.10aConsciousness and persons unity and identitycMichael Tye. aCambridge (Inglaterra)bMIT Presscc2003 axv, 203 páginasbilustraciones 0aRepresentation and mind aIncluye referencias bibliográficas e índice.04aConciencia (Psicología)04aEl todo y las partes (Filosofía)04aFilosofía04aPsicología